LEADER 01352nam2 2200385 450 001 990002977860203316 005 20070926162801.0 010 $a88-14-00583-4 035 $a000297786 035 $aUSA01000297786 035 $a(ALEPH)000297786USA01 035 $a000297786 100 $a20070926d1985----km-y0itay0103----ba 101 0 $aita 102 $aIT 105 $a||||||||001yy 200 1 $aSocietà di persone, società di capitali, cooperative, consorzi, disposizioni penali, fallimento e amministrazione straordinaria. Terzo aggiornamento$fGiuseppe Alessi, Bruno Manzella, Pasquale Marino 210 $aMilano$cGiuffré$d1985 215 $aXXIII,967 p.$d24 cm 327 $aTerzo Aggiornamento 461 1$1001000203417$a<> società$12001 606 $aSocieta di persone 676 $a346.07 700 1$aALESSI,$bGiuseppe$0292764 701 1$aMANZELLA,$bBruno$0226188 701 1$aMARINO,$bPasquale$0112518 801 0$aIT$bsalbc$gISBD 912 $a990002977860203316 951 $aX 21/9$b122 DIL 959 $aBK 969 $aDIL 979 $aDIL$b10$c20070926$lUSA01$h1627 979 $aDIL$b10$c20070926$lUSA01$h1628 996 $aSocietà di persone, società di capitali, cooperative, consorzi, disposizioni penali, fallimento e amministrazione straordinaria. Terzo aggiornamento$91027301 997 $aUNISA LEADER 01232nam0-2200397---45-- 001 990000794770203316 005 20090617175932.0 010 $a88-14-00165-0$dL. 14000 020 $aIT$b88-1415 035 $a0079477 035 $aUSA010079477 035 $a(ALEPH)000079477USA01 035 $a0079477 100 $a20011210d1986----y0itay0103 b 101 $aita 102 $aIT 105 $a00||| 200 1 $aAspetti e problemi medico-legali del transessualismo$fCosimo Lorè, Paolo Martini 205 $aRist. emendata 210 $aMilano$cA. Giuffrè$d1986 215 $aIV, 178 p.$d26 cm 606 $aInversione del sesso$xMedicina legale$2SOGI$3CFIC013400 676 $a614.1$v19 700 1$aLORE',$bCosimo$0404995 701 1$aMARTINI,$bPaolo$0225398 801 0$aIT$bBNI$c19890605 912 $a990000794770203316 951 $aXXVI.1.F 87 (IG XVI 176)$b4424 G$cXXVI.1.F 87 (IG XVI)$d00232949 959 $aBK 969 $aGIU 979 $aPATTY$b90$c20011210$lUSA01$h0947 979 $c20020403$lUSA01$h1726 979 $aPATRY$b90$c20040406$lUSA01$h1655 979 $aRSIAV1$b90$c20090617$lUSA01$h1759 996 $aAspetti e problemi medico-legali del transessualismo$9578871 997 $aUNISA